000 00366nam a2200133Ia 4500
008 151001s9999||||xx |||||||||||||| ||und||
100 _aविवेकानंद स्वामी
245 _aविश्व शांती का संदेश
250 _a1
260 _bगणपती
260 _c2004
300 _a95
365 _b21
999 _c985751
_d985748